00953nam a2200205 a 450000100100000000500170001000800410002702000180006804000250008608200160011110000360012724501040016326000620026730000210032959000260035095201200037695201140049695201200061099900170073000004860220201002061253.0190402s2014 dr 000 m spa d a9789993439677 aDO-SdBNPbspacBNPHU axxxxbB142m1 aBáez Melo, Juan Emilio96486110aMatanzas :bpersonajes, historias y actividades económicas y sociales /cJuan Emilio Báez Melo. aSanto Domingo :bEdiciones Librería la Trinidad,c2014. a178 p. ;c21 cm. aInventariado, 2019/LP 0010718DSaGRbGRcHDd2019-04-02iLF1l0oxxxx B142mp48602-30r2020-06-25te. 3w2020-06-25yLFDSZNo se presta 0010718PDaPDbPDcHDd2019-04-02iLF1l0oxxxx B142mp48602-10r2020-06-25w2020-06-25yLFPDZNo se presta 0010718PDaPDbPDcHDd2019-04-02iLF1l0oxxxx B142mp48602-20r2020-06-25te. 2w2020-06-25yLFPDZNo se presta c48090d48090